[Event "Masters Tournament (MTO)"]
[Site "Biel, CH"]
[Date "2025.07.14"]
[Round "1"]
[White "Wuebker, Paul-Luca"]
[Black "Arulanantham, Aneet"]
[Result "1-0"]
[Board "31"]
[WhiteFideId "12939528"]
[BlackFideId "1335189"]
[WhiteTitle "CM"]
[WhiteElo "2250"]
[BlackElo "1985"]
[WhiteTeam "GER"]
[BlackTeam "SUI"]
[WhiteClock "0:37:42"]
[BlackClock "0:19:23"]
[Variant "Standard"]

1. Nf3 {[%clk 1:40:58]}  d5 {[%clk 1:40:34]} 2. b3 {[%clk 1:41:13]}  Bf5 {[%clk 1:39:02]} 3. Bb2 {[%clk 1:41:11]}  e6 {[%clk 1:38:56]} 4. d3 {[%clk 1:38:29]}  h6 {[%clk 1:38:00]} 5. g3 {[%clk 1:37:59]}  Nf6 {[%clk 1:38:07]} 6. Bg2 {[%clk 1:38:23]}  Be7 {[%clk 1:37:13]} 7. O-O {[%clk 1:38:46]}  O-O {[%clk 1:37:04]} 8. Nbd2 {[%clk 1:33:37]}  c5 {[%clk 1:32:59]} 9. e3 {[%clk 1:33:09]}  Nc6 {[%clk 1:31:09]} 10. Qe2 {[%clk 1:33:17]}  Qc7 {[%clk 1:27:45]} 11. h3 {[%clk 1:27:41]}  Bh7 {[%clk 1:21:02]} 12. Nh2 {[%clk 1:22:52]}  Rae8 {[%clk 1:10:06]} 13. f4 {[%clk 1:13:39]}  b5 {[%clk 1:03:55]} 14. Ng4 {[%clk 1:10:49]}  Nd7 {[%clk 0:50:22]} 15. Nf3 {[%clk 0:57:29]}  f5 {[%clk 0:53:51]} 16. Nf2 {[%clk 0:57:29]}  Bf6 {[%clk 0:52:17]} 17. d4 {[%clk 0:52:19]}  c4 {[%clk 0:42:44]} 18. a4 {[%clk 0:49:02]}  a6 {[%clk 0:48:50]} 19. axb5 {[%clk 0:44:12]}  axb5 {[%clk 0:49:11]} 20. bxc4 {[%clk 0:44:38]}  bxc4 {[%clk 0:48:36]} 21. g4 {[%clk 0:44:11]}  Ra8 {[%clk 0:45:02]} 22. gxf5 {[%clk 0:40:59]}  exf5 {[%clk 0:41:15]} 23. Ne5 {[%clk 0:41:09]}  Nb6 {[%clk 0:40:46]} 24. Nxc6 {[%clk 0:37:22]}  Qxc6 {[%clk 0:41:07]} 25. Ba3 {[%clk 0:36:56]}  Rfe8 {[%clk 0:36:35]} 26. Bc5 {[%clk 0:38:08]}  Red8 {[%clk 0:30:29]} 27. Rxa8 {[%clk 0:37:54]}  Nxa8 {[%clk 0:29:31]} 28. Qxc4 {[%clk 0:38:02]}  Qe6 {[%clk 0:26:05]} 29. Qb3 {[%clk 0:38:03]}  Nc7 {[%clk 0:21:02]} 30. Ra1 {[%clk 0:38:01]}  Na6 {[%clk 0:19:23]} 31. Bb6 {[%clk 0:37:42]} 1-0

[Event "Masters Tournament (MTO)"]
[Site "Biel, CH"]
[Date "2025.07.14"]
[Round "1"]
[White "Schaffner, David"]
[Black "Chen, Zhi"]
[Result "0-1"]
[Board "32"]
[WhiteFideId "1310607"]
[BlackFideId "8619549"]
[WhiteElo "1980"]
[BlackElo "2246"]
[WhiteTeam "SUI"]
[BlackTeam "CHN"]
[WhiteClock "0:23:31"]
[BlackClock "1:20:57"]
[Variant "Standard"]

1. e4 {[%clk 1:40:56]}  c5 {[%clk 1:40:44]} 2. Nf3 {[%clk 1:40:51]}  e6 {[%clk 1:40:53]} 3. Nc3 {[%clk 1:40:34]}  a6 {[%clk 1:41:16]} 4. d4 {[%clk 1:39:03]}  cxd4 {[%clk 1:41:39]} 5. Nxd4 {[%clk 1:39:24]}  Bc5 {[%clk 1:39:32]} 6. Nb3 {[%clk 1:35:08]}  Ba7 {[%clk 1:39:40]} 7. Bd3 {[%clk 1:32:41]}  Ne7 {[%clk 1:39:22]} 8. Qe2 {[%clk 1:18:43]}  Nbc6 {[%clk 1:38:02]} 9. Be3 {[%clk 1:17:08]}  Bxe3 {[%clk 1:37:39]} 10. Qxe3 {[%clk 1:17:18]}  d6 {[%clk 1:37:51]} 11. O-O-O {[%clk 1:03:21]}  e5 {[%clk 1:34:04]} 12. f4 {[%clk 0:56:24]}  Be6 {[%clk 1:33:17]} 13. Kb1 {[%clk 0:46:12]}  exf4 {[%clk 1:31:40]} 14. Qxf4 {[%clk 0:46:23]}  Ne5 {[%clk 1:31:04]} 15. Be2 {[%clk 0:34:06]}  Rc8 {[%clk 1:22:13]} 16. Rd2 {[%clk 0:26:38]}  Bxb3 {[%clk 1:18:21]} 17. cxb3 {[%clk 0:23:31]}  O-O {[%clk 1:16:55]} 18. Rhd1 {[%clk 0:22:09]}  N7g6 {[%clk 1:16:57]} 19. Qf2 {[%clk 0:18:37]}  Rc6 {[%clk 1:16:42]} 20. g3 {[%clk 0:10:15]}  Ne7 {[%clk 1:12:38]} 21. Nd5 {[%clk 0:11:01]}  Nxd5 {[%clk 1:11:48]} 22. Rxd5 {[%clk 0:11:28]}  Qc7 {[%clk 1:10:05]} 23. Qd4 {[%clk 0:07:44]}  Rc2 {[%clk 1:08:52]} 24. Bc4 {[%clk 0:06:44]}  Nxc4 {[%clk 1:02:39]} 25. Kxc2 {[%clk 0:06:24]}  Ne3+ {[%clk 1:03:05]} 26. Kd2 {[%clk 0:05:53]}  Nxd5 {[%clk 0:58:36]} 27. Qxd5 {[%clk 0:06:21]}  Rc8 {[%clk 0:59:01]} 28. Ke2 {[%clk 0:06:04]}  h6 {[%clk 0:57:52]} 29. Rd2 {[%clk 0:06:13]}  Re8 {[%clk 0:57:46]} 30. Kf3 {[%clk 0:03:19]}  Qc1 {[%clk 0:56:42]} 31. Kg2 {[%clk 0:03:15]}  Qe1 {[%clk 0:55:00]} 32. Qxd6 {[%clk 0:01:45]}  Qxe4+ {[%clk 0:55:10]} 33. Kf2 {[%clk 0:01:38]}  Re5 {[%clk 0:53:38]} 34. Qd8+ {[%clk 0:02:05]}  Kh7 {[%clk 0:53:56]} 35. Qd3 {[%clk 0:02:29]}  Rf5+ {[%clk 0:54:20]} 36. Kg1 {[%clk 0:02:29]}  Qe1+ {[%clk 0:54:03]} 37. Kg2 {[%clk 0:02:57]}  g6 {[%clk 0:54:27]} 38. Qe2 {[%clk 0:03:05]}  Qb1 {[%clk 0:52:25]} 39. a3 {[%clk 0:03:05]}  Rf6 {[%clk 0:51:11]} 40. Qd3 {[%clk 0:01:53]}  Qc1 {[%clk 0:50:49]} 41. Rc2 {[%clk 0:27:25]}  Qe1 {[%clk 1:21:09]} 42. Rd2 {[%clk 0:24:43]}  Qe6 {[%clk 1:19:43]} 43. Qd5 {[%clk 0:24:16]}  Qb6 {[%clk 1:20:08]} 44. Qd4 {[%clk 0:23:14]}  Qc6+ {[%clk 1:20:34]} 45. Qd5 {[%clk 0:23:31]}  Rd6 {[%clk 1:20:57]} 0-1

[Event "Masters Tournament (MTO)"]
[Site "Biel, CH"]
[Date "2025.07.14"]
[Round "1"]
[White "Soo, Kai Jie"]
[Black "Faraone, Ettore"]
[Result "1-0"]
[Board "33"]
[WhiteFideId "5803454"]
[BlackFideId "1311484"]
[WhiteTitle "FM"]
[WhiteElo "2240"]
[BlackElo "1979"]
[WhiteTeam "AUS"]
[BlackTeam "SUI"]
[WhiteClock "0:11:40"]
[BlackClock "0:11:06"]
[Variant "Standard"]

1. d4 {[%clk 1:40:56]}  Nf6 {[%clk 1:39:58]} 2. c4 {[%clk 1:41:13]}  g6 {[%clk 1:40:18]} 3. g3 {[%clk 1:41:33]}  Bg7 {[%clk 1:40:02]} 4. Bg2 {[%clk 1:41:53]}  c5 {[%clk 1:36:44]} 5. d5 {[%clk 1:41:05]}  d6 {[%clk 1:36:41]} 6. Nc3 {[%clk 1:37:09]}  O-O {[%clk 1:36:24]} 7. Nf3 {[%clk 1:34:50]}  Bd7 {[%clk 1:33:28]} 8. O-O {[%clk 1:37:24]}  Qc8 {[%clk 1:23:30]} 9. Re1 {[%clk 1:32:50]}  Bh3 {[%clk 1:30:06]} 10. Bh1 {[%clk 1:32:27]}  h6 {[%clk 1:19:25]} 11. Qc2 {[%clk 1:29:44]}  Nbd7 {[%clk 1:18:45]} 12. b3 {[%clk 1:28:45]}  Ng4 {[%clk 1:17:58]} 13. Bb2 {[%clk 1:28:03]}  Nde5 {[%clk 1:14:36]} 14. Nd1 {[%clk 1:18:28]}  f5 {[%clk 1:11:41]} 15. Nxe5 {[%clk 1:06:08]}  Nxe5 {[%clk 1:07:29]} 16. f4 {[%clk 1:05:58]}  Ng4 {[%clk 0:50:32]} 17. e4 {[%clk 0:42:22]}  Rf7 {[%clk 0:56:57]} 18. exf5 {[%clk 0:32:36]}  g5 {[%clk 0:52:51]} 19. Re6 {[%clk 0:32:26]}  Bxb2 {[%clk 0:50:41]} 20. Nxb2 {[%clk 0:31:49]}  gxf4 {[%clk 0:42:02]} 21. gxf4 {[%clk 0:24:03]}  Rg7 {[%clk 0:47:16]} 22. Rg6 {[%clk 0:24:30]}  Rxg6 {[%clk 0:47:28]} 23. fxg6 {[%clk 0:18:47]}  Qf8 {[%clk 0:32:30]} 24. Nd3 {[%clk 0:22:41]}  Qf5 {[%clk 0:25:28]} 25. Re1 {[%clk 0:14:37]}  Qxg6 {[%clk 0:31:16]} 26. Be4 {[%clk 0:15:04]}  Qg7 {[%clk 0:28:43]} 27. Kh1 {[%clk 0:14:20]}  Qd4 {[%clk 0:28:39]} 28. Qe2 {[%clk 0:14:05]}  Rf8 {[%clk 0:24:53]} 29. Rg1 {[%clk 0:11:34]}  Kh8 {[%clk 0:26:10]} 30. Rg3 {[%clk 0:10:49]}  Bf1 {[%clk 0:15:42]} 31. Qxg4 {[%clk 0:10:38]}  Qxe4+ {[%clk 0:11:14]} 32. Kg1 {[%clk 0:11:06]}  Qd4+ {[%clk 0:11:12]} 33. Kxf1 {[%clk 0:11:33]}  Qa1+ {[%clk 0:11:11]} 34. Kg2 {[%clk 0:11:45]}  Qf6 {[%clk 0:11:06]} 35. Qg6 {[%clk 0:11:40]} 1-0

[Event "Masters Tournament (MTO)"]
[Site "Biel, CH"]
[Date "2025.07.14"]
[Round "1"]
[White "Zhang, Haoxuan"]
[Black "Gut, Lionel"]
[Result "1/2-1/2"]
[Board "34"]
[WhiteFideId "8641552"]
[BlackFideId "1339966"]
[WhiteElo "1979"]
[BlackElo "2239"]
[WhiteTeam "CHN"]
[BlackTeam "SUI"]
[WhiteClock "0:38:12"]
[BlackClock "0:27:13"]
[Variant "Standard"]

1. e4 {[%clk 1:40:54]}  c5 {[%clk 1:40:34]} 2. Nf3 {[%clk 1:41:06]}  d6 {[%clk 1:40:59]} 3. d4 {[%clk 1:40:55]}  cxd4 {[%clk 1:41:23]} 4. Nxd4 {[%clk 1:41:17]}  Nf6 {[%clk 1:41:50]} 5. Nc3 {[%clk 1:41:37]}  a6 {[%clk 1:42:17]} 6. h3 {[%clk 1:41:22]}  e5 {[%clk 1:42:41]} 7. Nde2 {[%clk 1:41:44]}  h5 {[%clk 1:42:19]} 8. g3 {[%clk 1:41:30]}  Be6 {[%clk 1:43:30]} 9. Bg2 {[%clk 1:40:39]}  b5 {[%clk 1:41:50]} 10. O-O {[%clk 1:40:03]}  Nbd7 {[%clk 1:39:59]} 11. Be3 {[%clk 1:39:28]}  Be7 {[%clk 1:38:23]} 12. Qd2 {[%clk 1:29:51]}  Rc8 {[%clk 1:30:40]} 13. a4 {[%clk 1:14:54]}  b4 {[%clk 1:18:11]} 14. Nd5 {[%clk 1:28:58]}  Nxd5 {[%clk 1:17:25]} 15. exd5 {[%clk 1:29:17]}  Bf5 {[%clk 1:14:48]} 16. Qxb4 {[%clk 1:24:47]}  Rxc2 {[%clk 1:14:03]} 17. Nc3 {[%clk 1:21:36]}  O-O {[%clk 1:08:15]} 18. Rfc1 {[%clk 1:04:16]}  Rxc1+ {[%clk 1:07:42]} 19. Rxc1 {[%clk 0:37:51]}  Nc5 {[%clk 1:06:43]} 20. Bxc5 {[%clk 1:17:02]}  dxc5 {[%clk 0:55:58]} 21. Qb7 {[%clk 1:13:03]}  Qd6 {[%clk 0:51:20]} 22. Qc6 {[%clk 1:08:35]}  Qb8 {[%clk 0:32:31]} 23. Nd1 {[%clk 0:44:08]}  Bd3 {[%clk 0:18:10]} 24. Bf1 {[%clk 0:37:15]}  Rc8 {[%clk 0:17:46]} 25. Bxd3 {[%clk 0:29:53]}  Rxc6 {[%clk 0:18:21]} 26. dxc6 {[%clk 0:28:21]}  Qd6 {[%clk 0:16:21]} 27. Bxa6 {[%clk 0:28:16]}  Qxc6 {[%clk 0:16:17]} 28. Bb5 {[%clk 0:26:41]}  Qb7 {[%clk 0:14:10]} 29. h4 {[%clk 0:24:14]}  g5 {[%clk 0:13:01]} 30. hxg5 {[%clk 0:26:42]}  Bxg5 {[%clk 0:09:01]} 31. Rc4 {[%clk 0:22:42]}  Bd2 {[%clk 0:07:00]} 32. Nc3 {[%clk 0:21:52]}  Qf3 {[%clk 0:03:05]} 33. Ne4 {[%clk 0:14:08]}  Be1 {[%clk 0:01:09]} 34. Kf1 {[%clk 0:13:51]}  Bb4 {[%clk 0:00:45]} 35. Nxc5 {[%clk 0:04:47]}  Qh1+ {[%clk 0:05:14]} 36. Ke2 {[%clk 0:10:21]}  Qe1+ {[%clk 0:05:37]} 37. Kf3 {[%clk 0:09:47]}  Qh1+ {[%clk 0:05:30]} 38. Ke2 {[%clk 0:05:47]}  Bxc5 {[%clk 0:05:19]} 39. Rxc5 {[%clk 0:05:38]}  Qe4+ {[%clk 0:02:46]} 40. Kf1 {[%clk 0:11:36]}  Qh1+ {[%clk 0:02:12]} 41. Ke2 {[%clk 0:10:03]}  Qe4+ {[%clk 0:03:39]} 42. Kf1 {[%clk 0:00:50]}  Qb1+ {[%clk 0:24:48]} 43. Kg2 {[%clk 0:40:48]}  Qxb2 {[%clk 0:23:29]} 44. a5 {[%clk 0:37:00]}  Qb4 {[%clk 0:25:36]} 45. Rxe5 {[%clk 0:37:15]}  Qxa5 {[%clk 0:25:18]} 46. Rxh5 {[%clk 0:37:14]}  Qa8+ {[%clk 0:26:25]} 47. Kg1 {[%clk 0:37:31]}  Qa1+ {[%clk 0:26:49]} 48. Bf1 {[%clk 0:37:55]}  Kg7 {[%clk 0:27:13]} 49. Rf5 {[%clk 0:38:12]} 1/2-1/2

[Event "Masters Tournament (MTO)"]
[Site "Biel, CH"]
[Date "2025.07.14"]
[Round "1"]
[White "Saminskij, Jan"]
[Black "Malli, Shiivesh Sunil"]
[Result "1-0"]
[Board "35"]
[WhiteFideId "1346962"]
[BlackFideId "1340409"]
[WhiteElo "2230"]
[BlackElo "1969"]
[WhiteTeam "SUI"]
[BlackTeam "SUI"]
[WhiteClock "0:02:34"]
[BlackClock "0:29:16"]
[Variant "Standard"]

1. e4 {[%clk 1:40:10]}  c5 {[%clk 1:40:54]} 2. Nf3 {[%clk 1:40:22]}  Nc6 {[%clk 1:41:16]} 3. d4 {[%clk 1:39:46]}  cxd4 {[%clk 1:41:38]} 4. Nxd4 {[%clk 1:40:10]}  g6 {[%clk 1:41:49]} 5. c4 {[%clk 1:40:14]}  Bg7 {[%clk 1:42:12]} 6. Be3 {[%clk 1:40:40]}  Nf6 {[%clk 1:42:33]} 7. Nc3 {[%clk 1:41:06]}  d6 {[%clk 1:42:35]} 8. Be2 {[%clk 1:41:15]}  O-O {[%clk 1:40:33]} 9. O-O {[%clk 1:41:39]}  Bd7 {[%clk 1:37:10]} 10. Re1 {[%clk 1:42:01]}  a5 {[%clk 1:36:37]} 11. h3 {[%clk 1:40:30]}  a4 {[%clk 1:30:54]} 12. Nf3 {[%clk 1:33:53]}  a3 {[%clk 1:33:18]} 13. b3 {[%clk 1:32:25]}  Qa5 {[%clk 1:24:10]} 14. Rc1 {[%clk 1:31:05]}  Nb4 {[%clk 1:13:00]} 15. Nd4 {[%clk 1:25:42]}  Rfc8 {[%clk 1:10:21]} 16. Qd2 {[%clk 1:23:40]}  Qd8 {[%clk 1:07:38]} 17. Bf3 {[%clk 1:17:58]}  Nc6 {[%clk 1:05:44]} 18. Nxc6 {[%clk 1:11:24]}  Bxc6 {[%clk 1:05:59]} 19. Bd4 {[%clk 1:06:06]}  h5 {[%clk 1:03:40]} 20. Rcd1 {[%clk 1:04:28]}  Qf8 {[%clk 0:53:47]} 21. Nd5 {[%clk 1:00:25]}  Bxd5 {[%clk 0:50:01]} 22. exd5 {[%clk 1:00:07]}  Nd7 {[%clk 0:48:37]} 23. Bxg7 {[%clk 0:56:38]}  Kxg7 {[%clk 0:49:00]} 24. Bxh5 {[%clk 0:54:05]}  Nf6 {[%clk 0:44:46]} 25. Be2 {[%clk 0:54:00]}  Qd8 {[%clk 0:43:09]} 26. Qd4 {[%clk 0:53:46]}  Qa5 {[%clk 0:43:00]} 27. Bd3 {[%clk 0:51:46]}  Rc7 {[%clk 0:42:21]} 28. f4 {[%clk 0:51:17]}  Qa7 {[%clk 0:42:10]} 29. Bf1 {[%clk 0:48:32]}  Qxd4+ {[%clk 0:38:57]} 30. Rxd4 {[%clk 0:47:17]}  Kf8 {[%clk 0:37:55]} 31. Re3 {[%clk 0:46:58]}  b6 {[%clk 0:35:14]} 32. Bd3 {[%clk 0:44:20]}  Rc5 {[%clk 0:32:04]} 33. Rg3 {[%clk 0:41:19]}  b5 {[%clk 0:29:51]} 34. b4 {[%clk 0:38:34]}  Rc7 {[%clk 0:29:43]} 35. cxb5 {[%clk 0:37:00]}  Rc1+ {[%clk 0:29:24]} 36. Kf2 {[%clk 0:32:48]}  Rac8 {[%clk 0:28:14]} 37. Be2 {[%clk 0:29:02]}  Ra8 {[%clk 0:27:35]} 38. b6 {[%clk 0:23:45]}  Rb8 {[%clk 0:27:27]} 39. Rxa3 {[%clk 0:23:37]}  Rxb6 {[%clk 0:27:50]} 40. Ra8+ {[%clk 0:22:34]}  Kg7 {[%clk 0:28:05]} 41. a4 {[%clk 0:22:10]}  Rb1 {[%clk 0:27:39]} 42. b5 {[%clk 0:22:32]}  Rb2 {[%clk 0:27:40]} 43. Ke1 {[%clk 0:20:21]}  Rb7 {[%clk 0:26:24]} 44. Rd2 {[%clk 0:09:42]}  Rb1+ {[%clk 0:24:09]} 45. Rd1 {[%clk 0:10:07]}  Rb2 {[%clk 0:07:19]} 46. Ra6 {[%clk 0:25:22]}  Ne4 {[%clk 0:52:11]} 47. Rd4 {[%clk 0:23:44]}  f5 {[%clk 0:44:16]} 48. Rc6 {[%clk 0:19:43]}  Ra2 {[%clk 0:43:33]} 49. b6 {[%clk 0:16:49]}  Ra1+ {[%clk 0:41:22]} 50. Bd1 {[%clk 0:15:03]}  Kf7 {[%clk 0:40:40]} 51. Rb4 {[%clk 0:11:54]}  Nf6 {[%clk 0:36:57]} 52. Rb5 {[%clk 0:10:53]}  Ne4 {[%clk 0:36:22]} 53. a5 {[%clk 0:10:34]}  Ke8 {[%clk 0:35:39]} 54. Rc4 {[%clk 0:09:12]}  Kd7 {[%clk 0:35:30]} 55. Ke2 {[%clk 0:07:44]}  Ra2+ {[%clk 0:35:09]} 56. Bc2 {[%clk 0:07:35]}  Kd8 {[%clk 0:34:26]} 57. Kd3 {[%clk 0:05:39]}  Ra3+ {[%clk 0:34:35]} 58. Kd4 {[%clk 0:05:31]}  Nc5 {[%clk 0:34:02]} 59. Rcxc5 {[%clk 0:04:51]}  dxc5+ {[%clk 0:34:16]} 60. Rxc5 {[%clk 0:05:18]}  Rb8 {[%clk 0:34:17]} 61. Bd3 {[%clk 0:05:00]}  Rb3 {[%clk 0:30:07]} 62. Kc4 {[%clk 0:04:08]}  Rb2 {[%clk 0:30:29]} 63. Kc3 {[%clk 0:04:00]}  Rxg2 {[%clk 0:29:40]} 64. Ba6 {[%clk 0:02:41]}  Rg3+ {[%clk 0:29:15]} 65. Kc4 {[%clk 0:02:26]}  Rxh3 {[%clk 0:29:39]} 66. b7 {[%clk 0:01:40]}  Rh8 {[%clk 0:29:15]} 67. Rc8+ {[%clk 0:01:59]}  Kd7 {[%clk 0:29:30]} 68. Bb5+ {[%clk 0:02:06]}  Kd6 {[%clk 0:29:50]} 69. Rc6+ {[%clk 0:02:19]}  Kd7 {[%clk 0:30:05]} 70. a6 {[%clk 0:02:04]}  e5 {[%clk 0:27:51]} 71. Rc8+ {[%clk 0:01:47]}  Ke7 {[%clk 0:28:57]} 72. Rxh8 {[%clk 0:02:06]}  Rxh8 {[%clk 0:29:16]} 73. a7 {[%clk 0:02:34]} 1-0

[Event "Masters Tournament (MTO)"]
[Site "Biel, CH"]
[Date "2025.07.14"]
[Round "1"]
[White "Avaria, Diego"]
[Black "Chen, Muxi"]
[Result "0-1"]
[Board "36"]
[WhiteFideId "1335723"]
[BlackFideId "8626073"]
[WhiteElo "1958"]
[BlackElo "2224"]
[WhiteTeam "SUI"]
[BlackTeam "CHN"]
[WhiteClock "0:12:09"]
[BlackClock "0:43:41"]
[Variant "Standard"]

1. e4 {[%clk 1:40:58]}  c5 {[%clk 1:40:50]} 2. c3 {[%clk 1:41:23]}  d5 {[%clk 1:40:57]} 3. exd5 {[%clk 1:41:47]}  Qxd5 {[%clk 1:41:22]} 4. Na3 {[%clk 1:42:10]}  Nf6 {[%clk 1:41:16]} 5. Nf3 {[%clk 1:42:27]}  Nc6 {[%clk 1:41:05]} 6. Bc4 {[%clk 1:40:53]}  Qd8 {[%clk 1:38:41]} 7. O-O {[%clk 1:38:41]}  Bg4 {[%clk 1:35:02]} 8. Be2 {[%clk 1:38:24]}  e6 {[%clk 1:34:31]} 9. Nc2 {[%clk 1:33:29]}  Be7 {[%clk 1:33:31]} 10. d4 {[%clk 1:33:37]}  Qc7 {[%clk 1:29:54]} 11. dxc5 {[%clk 1:30:58]}  Rd8 {[%clk 1:29:23]} 12. Qe1 {[%clk 1:31:15]}  Bxc5 {[%clk 1:27:23]} 13. Be3 {[%clk 1:31:22]}  Be7 {[%clk 1:25:15]} 14. Bg5 {[%clk 1:22:01]}  Bxf3 {[%clk 1:17:23]} 15. Bxf3 {[%clk 1:19:43]}  Ng4 {[%clk 1:17:10]} 16. Bxg4 {[%clk 1:18:56]}  Bxg5 {[%clk 1:17:38]} 17. Rd1 {[%clk 1:15:37]}  O-O {[%clk 1:16:40]} 18. Qe4 {[%clk 1:09:30]}  Qb6 {[%clk 1:10:57]} 19. Nb4 {[%clk 1:01:12]}  Ne7 {[%clk 1:05:36]} 20. Bf3 {[%clk 0:58:49]}  a5 {[%clk 1:05:42]} 21. Nd3 {[%clk 0:57:12]}  Nc6 {[%clk 1:04:20]} 22. Qa4 {[%clk 0:51:37]}  Bf6 {[%clk 0:50:39]} 23. Qb3 {[%clk 0:42:45]}  Qc7 {[%clk 0:48:13]} 24. Be2 {[%clk 0:38:19]}  Rd5 {[%clk 0:46:00]} 25. f4 {[%clk 0:32:03]}  Rfd8 {[%clk 0:38:58]} 26. Nc1 {[%clk 0:22:30]}  Rxd1 {[%clk 0:35:21]} 27. Bxd1 {[%clk 0:22:35]}  Nd4 {[%clk 0:24:44]} 28. cxd4 {[%clk 0:19:27]}  Bxd4+ {[%clk 0:27:35]} 29. Kh1 {[%clk 0:19:45]}  Qxc1 {[%clk 0:27:58]} 30. Be2 {[%clk 0:16:11]}  Qxb2 {[%clk 0:26:40]} 31. Qxb2 {[%clk 0:16:29]}  Bxb2 {[%clk 0:27:04]} 32. a4 {[%clk 0:15:35]}  Rd4 {[%clk 0:25:44]} 33. Rd1 {[%clk 0:15:44]}  Rxd1+ {[%clk 0:20:38]} 34. Bxd1 {[%clk 0:16:07]}  b5 {[%clk 0:21:02]} 35. axb5 {[%clk 0:15:52]}  Bd4 {[%clk 0:21:14]} 36. g3 {[%clk 0:14:47]}  Kf8 {[%clk 0:21:26]} 37. Kg2 {[%clk 0:15:05]}  Ke7 {[%clk 0:21:46]} 38. Kf3 {[%clk 0:15:18]}  Kd6 {[%clk 0:21:57]} 39. Ke4 {[%clk 0:14:05]}  Bb6 {[%clk 0:21:53]} 40. f5 {[%clk 0:10:14]}  e5 {[%clk 0:20:42]} 41. Bb3 {[%clk 0:02:22]}  f6 {[%clk 0:19:18]} 42. g4 {[%clk 0:28:46]}  Kc5 {[%clk 0:45:54]} 43. h4 {[%clk 0:26:55]}  Kxb5 {[%clk 0:43:58]} 44. g5 {[%clk 0:22:12]}  fxg5 {[%clk 0:40:51]} 45. hxg5 {[%clk 0:26:05]}  Bd8 {[%clk 0:41:09]} 46. Kxe5 {[%clk 0:19:02]}  Bxg5 {[%clk 0:41:21]} 47. Bg8 {[%clk 0:17:27]}  h5 {[%clk 0:41:36]} 48. Bf7 {[%clk 0:15:40]}  h4 {[%clk 0:41:57]} 49. Ke4 {[%clk 0:15:46]}  a4 {[%clk 0:42:13]} 50. Kd3 {[%clk 0:14:55]}  Bf6 {[%clk 0:42:25]} 51. Kc2 {[%clk 0:14:17]}  h3 {[%clk 0:42:05]} 52. Kb1 {[%clk 0:12:29]}  Kc5 {[%clk 0:42:14]} 53. Bh5 {[%clk 0:12:20]}  h2 {[%clk 0:42:32]} 54. Bf3 {[%clk 0:12:43]}  a3 {[%clk 0:42:57]} 55. Ka2 {[%clk 0:11:57]}  Bb2 {[%clk 0:43:19]} 56. Kb3 {[%clk 0:11:32]}  Kd4 {[%clk 0:43:16]} 57. Ka2 {[%clk 0:11:54]}  Ke3 {[%clk 0:43:41]} 58. Bc6 {[%clk 0:12:09]} 0-1

[Event "Masters Tournament (MTO)"]
[Site "Biel, CH"]
[Date "2025.07.14"]
[Round "1"]
[White "Rappazzo, Johannes"]
[Black "Hank, Holger"]
[Result "1-0"]
[Board "37"]
[WhiteFideId "1340069"]
[BlackFideId "4648242"]
[WhiteTitle "FM"]
[WhiteElo "2213"]
[BlackElo "1947"]
[WhiteTeam "SUI"]
[BlackTeam "GER"]
[WhiteClock "0:04:01"]
[BlackClock "0:08:24"]
[Variant "Standard"]

1. e4 {[%clk 1:40:58]}  e6 {[%clk 1:40:17]} 2. d4 {[%clk 1:41:24]}  d5 {[%clk 1:40:43]} 3. Nc3 {[%clk 1:41:50]}  Nf6 {[%clk 1:40:24]} 4. Bg5 {[%clk 1:42:17]}  Bb4 {[%clk 1:39:39]} 5. e5 {[%clk 1:42:41]}  h6 {[%clk 1:40:03]} 6. Bd2 {[%clk 1:43:07]}  Bxc3 {[%clk 1:40:11]} 7. bxc3 {[%clk 1:43:33]}  Ne4 {[%clk 1:40:22]} 8. Bc1 {[%clk 1:43:54]}  c5 {[%clk 1:36:18]} 9. Ne2 {[%clk 1:44:12]}  Qa5 {[%clk 1:31:17]} 10. f3 {[%clk 1:44:25]}  Ng5 {[%clk 1:28:24]} 11. h4 {[%clk 1:44:28]}  Nh7 {[%clk 1:28:49]} 12. Bd2 {[%clk 1:44:22]}  c4 {[%clk 1:24:58]} 13. g4 {[%clk 1:42:17]}  Nc6 {[%clk 1:12:46]} 14. Rb1 {[%clk 1:38:03]}  Nf8 {[%clk 1:13:32]} 15. Ng3 {[%clk 1:19:00]}  g6 {[%clk 0:53:34]} 16. f4 {[%clk 1:11:36]}  b6 {[%clk 0:50:43]} 17. h5 {[%clk 0:59:11]}  Bd7 {[%clk 0:40:55]} 18. hxg6 {[%clk 0:40:52]}  Nxg6 {[%clk 0:43:57]} 19. Nh5 {[%clk 0:35:23]}  O-O-O {[%clk 0:44:11]} 20. Bg2 {[%clk 0:31:51]}  Nge7 {[%clk 0:38:57]} 21. Rh3 {[%clk 0:25:22]}  Ng8 {[%clk 0:31:05]} 22. a4 {[%clk 0:18:21]}  Rf8 {[%clk 0:25:03]} 23. Bc1 {[%clk 0:13:00]}  Qxa4 {[%clk 0:25:15]} 24. Bb2 {[%clk 0:13:09]}  f6 {[%clk 0:24:59]} 25. Ra1 {[%clk 0:12:22]}  Qb5 {[%clk 0:25:08]} 26. Ba3 {[%clk 0:12:48]}  Rf7 {[%clk 0:25:23]} 27. Rf3 {[%clk 0:09:36]}  f5 {[%clk 0:21:36]} 28. gxf5 {[%clk 0:08:19]}  Rxf5 {[%clk 0:21:48]} 29. Rg3 {[%clk 0:05:53]}  Rf7 {[%clk 0:20:11]} 30. Bh3 {[%clk 0:07:42]}  Nge7 {[%clk 0:15:38]} 31. Nf6 {[%clk 0:05:53]}  a5 {[%clk 0:15:25]} 32. Qh5 {[%clk 0:05:40]}  Rhf8 {[%clk 0:11:40]} 33. Qxh6 {[%clk 0:05:38]}  Nb4 {[%clk 0:09:13]} 34. cxb4 {[%clk 0:03:48]}  axb4 {[%clk 0:09:28]} 35. Nxd7 {[%clk 0:03:44]}  Kxd7 {[%clk 0:09:09]} 36. Qxe6+ {[%clk 0:03:58]}  Ke8 {[%clk 0:09:08]} 37. Bxb4 {[%clk 0:03:39]}  Qxb4+ {[%clk 0:08:24]} 38. c3 {[%clk 0:04:01]} 1-0